Quizzes
Events
Quiz Creation
Community
Videos
Private Events
Remove Ads
Sign In
Join for FREE
Feedback
Dark Mode
Quiz Categories
Sports
Geography
Music
Movies
Television
Just For Fun
Miscellaneous
History
Literature
Language
Science
Gaming
Entertainment
Religion
Holiday
For Kids
Quiz Lab
Recent
Popular Today
Quiz Kudos Today
Editor Picks
Curator Picks
Quizzes by...
Day
Popularity
Type
Ratings
Length
Year
Community
Subscriptions
Recent Discussions
Orange Saloon
Badges
Playlists
Quests
Create
Leaderboards
Showdown
Live 5
Trivia Bingo
Activity
Puzzle Library
Sporcle Events
Private Events
Virtual Trivia
Globe League
Become a Host
Pub Owners
SporcleCon
Opinionation
Our Games
Videos
Blog
Mobile Apps
Partnerships
Remove Ads and Go Orange
Feedback
Sports
Athletes
MLB
NBA
NHL
NFL
Soccer
Sports Teams
WWE
NCAA
Football
Premier League
Basketball
Baseball
Hockey
Golf
Tennis
Cricket
Rugby
Auto Racing
Olympics
World Cup
Sports
Athletes
MLB
NBA
NHL
NFL
Soccer
Sports Teams
WWE
NCAA
Football
Premier League
Basketball
Baseball
Hockey
Golf
Tennis
Cricket
Rugby
Auto Racing
Olympics
World Cup
Random Quiz
Search Sporcle
×
Quiz Lab
Quiz Lab
Sports
Country
Type in answers that appear in a list
Type in answers that appear in a list
Classic
Best Score? Go Orange.
Tennis tournaments host cities in 2017 Stats
Can you name the cities that held a tennis tournament in 2017?
By
ant1kobe
10m
105 Questions
120 Plays
120 Plays
120 Plays
Comments
Comments
Give Quiz Kudos
Give Quiz Kudos
-
- Ratings
hide this ad
Replay
Link that replays current quiz
Next Quiz
Link to next quiz in quiz playlist
You Got
0%
They Got
Avg Score
61%
Avg Friend Score
Upgrade to see
Score Distribution
Jump to the score distribution portion of the page
Score
0/105
Timer
10:00
0
Plays Today
Country
Answer
% Correct
France
Paris
94.2%
UK
London
94.2%
UK
London
94.2%
France
Paris
94.2%
UK
London
94.2%
Qatar
Doha
92.5%
Australia
Melbourne
92.5%
USA
Miami
92.5%
Spain
Madrid
92.5%
Australia
Sydney
91.7%
Italy
Rome
90.8%
China
Beijing
89.2%
Canada
Montreal
86.7%
USA
New York
86.7%
Canada
Toronto
85.8%
Spain
Barcelona
85%
New Zealand
Auckland
85%
USA
Indian Wells
83.3%
Austria
Vienna
83.3%
UAE
Dubai
82.5%
Hungary
Budapest
82.5%
Turkey
Istanbul
82.5%
Hungary
Budapest
82.5%
Netherlands
Rotterdam
81.7%
China
Shanghai
81.7%
Bulgaria
Sofia
80.8%
Argentina
Buenos Aires
80.8%
Sweden
Stockholm
80.8%
Mexico
Acapulco
80%
Monaco
Monte-Carlo
80%
Japan
Tokyo
80%
Russia
Moscow
80%
Brazil
Rio de Janeiro
79.2%
Australia
Brisbane
77.5%
Ecuador
Quito
76.7%
Country
Answer
% Correct
France
Marseille
76.7%
India
Chennai
75.8%
Germany
Stuttgart
75%
Czechia
Prague
74.2%
USA
Cincinnati
73.3%
Switzerland
Basel
73.3%
Germany
Halle
72.5%
Switzerland
Geneva
71.7%
USA
Washington
71.7%
Germany
Munich
70.8%
Malaysia
Kuala Lumpur
70.8%
Brazil
Sao Paulo
70%
Germany
Hamburg
70%
Singapore
Singapore
69.2%
Portugal
Estoril
68.3%
Italy
Milan (Next Gen)
67.9%
France
Lyon
67.5%
Taiwan
Taipei
67.5%
USA
Houston
66.7%
Luxembourg
Luxembourg
65.8%
Colombia
Bogota
65%
France
Montpellier
64.2%
South Korea
Seoul
64.2%
Morocco
Rabat
63.3%
Romania
Bucharest
61.7%
UK
Eastbourne
60%
Belgium
Antwerp
60%
UK
Birmingham
56.7%
Russia
Saint-Petersburg
55.8%
USA
Memphis
55%
Australia
Hobart
55%
UK
Nottingham
54.2%
Uzbekistan
Tashkent
54.2%
Netherlands
s-Hertogenbosch
53.3%
Sweden
Bastad
53.3%
Country
Answer
% Correct
Morocco
Marrakech
50.8%
Switzerland
Gstaad
50.8%
Mexico
Monterrey
50.8%
Croatia
Umag
49.2%
USA
Atlanta
49.2%
USA
Newport
47.5%
France
Metz
47.5%
China
Hong Kong
47.5%
Turkey
Antalya
45.8%
China
Wuhan
45.8%
France
Strasbourg
45.8%
China
Guangzhou
45.8%
USA
Charleston
45%
USA
New Haven
45%
Austria
Linz
45%
Spain
Mallorca
44.2%
USA
Delray Beach
43.3%
USA
Winston-Salem
43.3%
Austria
Kitzbuhel
42.5%
Canada
Quebec City
38.3%
China
Shenzen
34.2%
Mexico
Los Cabos
32.5%
China
Tianjin
32.5%
India
Mumbai
32.1%
USA
Stanford
30%
Switzerland
Biel
27.5%
China
Chengdu
25%
China
Zhuhai
16.7%
Germany
Nuremberg
15.8%
China
Zhengzhou
8.3%
China
Nanchang
7.5%
Thailand
Hua Hin
7.1%
USA
Honolulu
7.1%
China
Dalian
6.5%
France
Limoges
3.6%
Quiz Playlist
Details
Report
Send in Message
Add To Playlist
Classic:
Type in answers that appear in a list
Last Updated: Oct 31, 2018
Quiz Scoreboard
CHALLENGE
Sign Up to Join the Scoreboard
Show All
Scores
Hide
Comments
May contain spoilers
Recently Published
Billboard Blitz: Fleetwood Mac
by CooCooCachoo
Music
15s
Presidents Visiting Landmarks
by Hejman
History
7m
An Introduction to Baseball
by treessimontrees
Sports
5m
More to Explore
Quiz From the Vault
Featured Blog Post
Where Did the Easter Bunny Come From?
hide this ad
You Might Also Like...
Tags
Country Quiz
Winner
Today's Top Quizzes in Sports
Browse Sports
hide this ad
Today's Top Quizzes in Country
Browse Country
Top Contributed Quizzes in Sports
1
Les meilleurs buteurs des matchs entre le PSG et l’OM
2
2022 World Cup Stars
3
FIFA Club World Cup Champions
4
Les entraîneurs de l'OM et du PSG au 21e siècle
5
Criteria MLB: Left Handed Sluggers
6
Name the Premier League winners with different clubs
7
5-to-1: UK Sports Teams
8
AFC Teams Reveal (Wrong Answers Minefield)
9
Players with Multiple 50 Home Run Seasons
10
5-to-1: FBS Animal Nicknames
Explore More
Trending Topics
Harry Potter
Anime
Marvel
Crossword
Disney
NBA
Kpop
The Office
WWE
Country
Soccer
Pokémon
NFL
Puzzle
Song
hide this ad
More By:
ant1kobe
Quiz
Plays
Rating
Category
Featured
Created
Zlatan Ibrahimovic goals for PSG
630
4.50
Sports
Apr 24, 2014
Ligue 1 2013-2014 Goalscorers
265
5.00
Sports
Apr 24, 2014
Stade Français Paris Players; 2013-2016
195
Sports
Oct 4, 2016
Tennis tournaments host cities in 2017
120
Sports
Apr 21, 2017
Go to Creator's Profile
Score Distribution
Quiz Creator Spotlight
ant1kobe
Follow
Send a Message
Quizzes Created
-
Created Quiz Play Count
-
More By This Creator
Popular Quizzes Today
1
Find the US States - No Outlines Minefield
2
Find the Countries of Europe - No Outlines Minefield
3
The Countries of the World
4
Find the US States
5
Risky Map Clicking: Biggest States A-Z
6
US States
7
Popular People in 1961
8
Movies - When Are They Set?
More Sports Quizzes
Formula 1 2022 Logic Puzzle
Quiz Lab
Trending Quizzes
Risky Map Clicking: Least Populous States A-Z
1-10 Letter G Words
1-10 Letter F Words
Risky Map Clicking: Next State Alphabetically
Risky Map Clicking: Biggest States A-Z
Recently Updated
Leaping Animals
pecheneg
Reality TV Shows (A-Z)
bhenderson79
Rickey Henderson's Hall of Fame Teammates
pecheneg
Champions League XIs: Arsenal
pecheneg
Quick Pick: Celebrities in WWE's Hall of Fame
aduchscher
A-Z Keypad Blitz II
pecheneg
Multiple Oscar Actors
pecheneg
Mystery Phrase Blitz: Oscar 'Best Actors'
pecheneg
F. Scott Fitzgerald Novels
LTH
Pick 3 Villains
ddd62291
Trending Topics
Harry Potter
Anime
Marvel
NBA
Crossword
Kpop
Disney
Song
WWE
Country
The Office
Pokémon
Puzzle
Soccer
NFL
Your Account Isn't Verified!
In order to create a playlist on Sporcle, you need to verify the email address you used during registration. Go to your
Sporcle Settings
to finish the process.
Report this User
Report this user for behavior that violates our
Community Guidelines
.
Details:
Send Report
Go to the Sporcle.com Mobile Site →
Comments